000
00319nam a2200109Ia 4500
008
180205s9999 xx 000 0 und d
020
_a
9789719232391
100
_a
Quisumbing, Lourdes Reynes
245
_a
Destiny your number is 4 /
260
_a
ParaƱaque City
_b
Saranggola publications
_c
2010
300
_a
ii, 201 pages
999
_c
354836
_d
354836